000
00308nam a22001217a 4500
999
_c
160204
_d
160204
082
_a
_b
100
_a
Nagalekshmi
245
_a
Anuvad siddhanth:
_b
dhristi aur anudhristi/
_c
by Nagalekshmi.
260
_a
New Delhi:
_b
Jawaharlal Nehru Memorial Fund,
_c
2009.
300
_a
128p.
650
_a
942
_c
BK